Sawn recoveries from crown logs of radiata pine

Bibliographic Details
Main Author: THOMSON
Corporate Author: Wood Utilisation Research Centre (W. A.)
Other Authors: McKenzie-Smith
Format: Book
Published: (Harvey, W. A.) : Wood Utilisation Research Centre , 1990
Series:Wood Utilisation Research Centre; report n. 15
Subjects:

MARC

LEADER 00000cam a2200000 7i4500
001 0000002221
005 20030329.0
090 0 0 |a 338.17498   |b THO 1990 
100 1 0 |a THOMSON   |h A. B. 
245 1 0 |a Sawn recoveries from crown logs of radiata pine   |c A. B. Thomson and G. McKenzie-Smith 
260 0 0 |a (Harvey, W. A.) :   |b Wood Utilisation Research Centre ,   |c 1990 
300 |a v, 12p. ;   |c 30 cm. 
440 0 0 |a Wood Utilisation Research Centre; report n. 15 
500 0 0 |a Bibliography : p. 12 
650 0 0 |a Pinus radiata   |z Western Australia   |z Nannup Region   |x Quality 
650 0 0 |a Pinus radiata   |z Western Australia   |z Nannup Region   |x Yield 
650 0 0 |a Timber   |z Western Australia   |x Grading 
700 0 1 |a McKenzie-Smith   |h G. 
710 1 1 |a Wood Utilisation Research Centre (W. A.) 
998 |a JPSM 
999 |a 0000003869   |b Monograph   |c Open Shelf   |e Default branch